Gui si lei gao ; Gui si cun gao /

Saved in:
Bibliographic Details
Main Author: Yu, Zhengxie, 1775-1840.
Corporate Author: Puban Collection.
Format: Book
Language:Chinese
Published: [Jiangyin] : Nan jing shu yuan, Guangxu 14 [1888]
Series:Huang Qing jing jie xu bian ; 192-193.
Tags: Add Tag
No Tags, Be the first to tag this record!
LEADER 01240cam a2200325ua 4500
001 007740232-4
005 20024617111505.0
008 961204s1888 cc 000 0 chi d
035 0 |a ocm36132800 
040 |a CaBVaU  |c CaBVaU  |d OCoLC  |d *YNH*  |d CStRLIN 
100 1 |6 880-01  |a Yu, Zhengxie,  |d 1775-1840. 
245 1 0 |6 880-02  |a Gui si lei gao ;  |b Gui si cun gao /  |c Yu Zhengxie. 
260 |6 880-03  |a [Jiangyin] :  |b Nan jing shu yuan,  |c Guangxu 14 [1888] 
300 |a 2 v. 
490 1 |6 880-04  |a Huang Qing jing jie xu bian ;  |v 192-193 
500 |a On double leaves, oriental style, in case. 
500 |a Block print. 
700 1 2 |6 880-05  |a Yu, Zhengxie,  |d 1775-1840.  |t Gui si cun gao.  |f 1888. 
710 2 |a Puban Collection. 
740 0 2 |6 880-06  |a Gui si cun gao. 
880 1 |6 100-01  |a 俞正燮,  |d 1775-1840. 
880 1 0 |6 245-02  |a 癸巳類稿 ;  |b 癸巳存稿 /  |c 俞正燮. 
880 |6 260-03  |a [江陰] :  |b 南菁書院,  |c 光緖14 [1888] 
880 1 |6 490-04  |a 皇清經解續編 ;  |v 192-193 
880 1 2 |6 700-05  |a 俞正燮,  |d 1775-1840.  |t 癸巳存稿.  |f 1888. 
880 0 2 |6 740-06  |a 癸巳存稿. 
830 0 |6 880-54  |a Huang Qing jing jie xu bian ;  |v 192-193. 
880 0 |6 830-54  |a 皇清經解續編 ;  |v 192-193. 
988 |a 20021111 
906 |0 OCLC